Zadači po teorii verojatnostej : Osnovnyje ponjatija. Predeľnyje teoremy. Slučajnyje processy

Uložené v:
Podrobná bibliografia
Hlavní autori: Prochorov, Aleksandr Vladimirovič (Autor), Ušakov, Vladimir Georgijevič (Autor), Ušakov, Nikolaj Georgijevič (Autor)
Médium: Kniha
Vydavateľské údaje: Moskva : Nauka, 1986
Tagy: Pridať tag
Žiadne tagy, Buďte prvý, kto otaguje tento záznam!

MARC

LEADER 00000nam a22000003a 4500
001 stu19601
005 20150617225753.8
008 ------s1986----xxr---------------------d
040 |a STU  |b slo 
041 0
044 |a xxr 
080 |a 519.21 
100 1 |a Prochorov, Aleksandr Vladimirovič  |4 aut 
245 1 |a Zadači po teorii verojatnostej :  |b Osnovnyje ponjatija. Predeľnyje teoremy. Slučajnyje processy 
260 |a Moskva :  |b Nauka,  |c 1986 
300 |a 326 s :  |b Lit 
700 1 |a Ušakov, Vladimir Georgijevič  |4 aut 
700 1 |a Ušakov, Nikolaj Georgijevič  |4 aut 
996 |b C77994  |c C*77994  |l CCV  |s P  |a 0  |w stu19601_0002